00474 a2200205 4500260001100000245005100011300001100062650001300073650001200086650001000098260001000108300001000118260000900128100000700137630004300144037001300187650002600200100002400226020001800250 bfayard aL'Attentat : le juge Buguière accuse Kadhafi a302 p. aviolence aconflit aLibye aParis b23 cm c1992 lFr a34 - Droit. Jurisprudence. Legislation aL. 12179 a3 - SCIENCES SOCIALES aPontaut, Jean-Marie a2-213-02930-X